=LDR 00000nam 2200000 4500 =001 INLIS000000000032774 =005 20151119152539.0 =006 =007 =008 ind =035 ##$$0010-061300000032774 =041 ##$$a ind =082 ##$$a 959.8 =090 ##$$a 959.8, Feb a =100 ##$$a Febrian, Efantino =245 ##$$a Alimin Dan Tan Malaka Pahlawan Yang Dilupakan, Efantino Febriana =260 ##$$a 2009 $b Yogyakarta =300 ##$$a vii,132 hlm, Ilus, 21 cm =650 ##$$a Sejarah Indonesia =850 ##$$a NBPNMAT =990 ##$$a 0001/BPAP-NTB/2015 =990 ##$$a 0001/BPAP-NTB/2015